LEADER 00896nam a2200241 i 4500 001 991002331419707536 005 20020508194409.0 008 980407s1980 de ||| | lat 020 $a3772808050 035 $ab10993241-39ule_inst 035 $aPARLA160607$9ExL 040 $aDip.to Filosofia$bita 100 0 $aTommaso :$cd'Aquino $0452087 245 10$aCommentaria in scripturas /$cTommaso d'Aquino santo 260 $aStuttgard :$bFrommann-Holzboog,$c1980 300 $a525 p. ;$c32 cm. 490 0 $aS. Thomae Aquinatis opera omnia ;$v5 907 $a.b10993241$b23-02-17$c28-06-02 912 $a991002331419707536 945 $aLE005 189 TOM01. 01. v. 5$cv. 5$g1$i2005000027871$lle005$o-$pE0.00$q-$rl$s- $t0$u0$v0$w0$x0$y.i11108149$z28-06-02 996 $aCommentaria in scripturas$9861023 997 $aUNISALENTO 998 $ale005$b01-01-98$cm$da $e-$flat$gde $h0$i1 LEADER 03855nam 22006854a 450 001 9910960809703321 005 20200520144314.0 010 $a9786611878290 010 $a9781281878298 010 $a1281878294 010 $a9780814413166 010 $a0814413161 035 $a(CKB)111086906304762 035 $a(EBL)3001807 035 $a(SSID)ssj0000079268 035 $a(PQKBManifestationID)11110544 035 $a(PQKBTitleCode)TC0000079268 035 $a(PQKBWorkID)10066255 035 $a(PQKB)10954203 035 $a(Au-PeEL)EBL3001807 035 $a(CaPaEBR)ebr10075619 035 $a(CaONFJC)MIL187829 035 $a(OCoLC)929146602 035 $a(MiAaPQ)EBC3001807 035 $a(Perlego)2305918 035 $a(EXLCZ)99111086906304762 100 $a20030115d2003 uy 0 101 0 $aeng 135 $aur|n|---||||| 181 $ctxt 182 $cc 183 $acr 200 04$aThe AMA handbook of e-learning $eeffective design, implementation, and technology solutions /$fedited by George M. Piskurich 205 $a1st ed. 210 $aNew York $cAMACOM$dc2003 215 $a1 online resource (463 p.) 300 $aDescription based upon print version of record. 311 08$a9780814407219 311 08$a0814407218 320 $aIncludes bibliographical references and index. 327 $a""CONTENTS""; ""ACKNOWLEDGMENT""; ""THE AMA HANDBOOK OF E-LEARNING""; ""EDITORA??S INTRODUCTION: WHAT IS E-LEARNING?""; ""INTRODUCTION: IS E-LEARNING BETTER THAN...?""; ""ANALYZING THE ORGANIZATION'S NEED FOR E-LEARNING""; ""SELLING E-LEARNING TO YOUR ORGANIZATION""; ""ARE YOUR LEARNERS READY FOR E-LEARNING?""; ""INCREASING LEARNER INVOLVEMENT AND PARTICIPATION""; ""SYNCHRONOUS COLLABORATION, LIVE E-LEARNING, AND BEYOND""; ""OUTSOURCING VERSUS INSOURCING YOUR E- LEARNING PROJECTS""; ""LEARNING MANAGEMENT SYSTEMS FOR E-LEARNING"" 327 $a""DISCUSSION GROUPS AND CHAT: ELECTRONIC TOOLS FOR BUILDING ONLINE COMMUNITIES""""BANDWIDTH BE DAMNED: WHY ONLY LAZY TRAINERS WORRY ABOUT BANDWIDTH ISSUES""; ""WEBCASTING""; ""LEARNING PORTALS""; ""MAKING THE INTERNAL/EXTERNAL DECISION""; ""CLICKING WITH VENDORS - WHAT TO ASK YOUR E- LEARNING VENDOR BEFORE YOU GET INVOLVED""; ""DESIGNING ASYNCHRONOUS LEARNING""; ""GETTING READY FOR SYNCHRONOUS E-LEARNING""; ""REPURPOSING MATERIALS FOR E- LEARNING""; ""USING TECHNOLOGIES IN A BLENDED LEARNING CURRICULUM""; ""IMPLEMENTING E-LEARNING"" 327 $a""KEEPING E-LEARNING GOING: MOTIVATING AND RETAINING E- LEARNERS""""HOW DO I CHOOSE E- LEARNING SOFTWARE THAT WILL KEEP GOING AND GOING?""; ""E-LEARNING AND PERFORMANCE""; ""EVALUATING YOUR E-LEARNING IMPLEMENTATION""; ""LEVEL III EVALUATION OF E-LEARNING""; ""E-LEARNING, THE NEAR FUTURE""; ""GLOBAL LEARNING, 2008""; ""INDEX"" 330 $aThis authoritative sourcebook is a timely decision-making tool for companies making the transition to (or already using) e-learning. Featuring all-original contributions from high-profile practitioners and renowned theorists, the book reveals how top companies are implementing and using this crucial employee development tool. 606 $aEmployees$xTraining of$xComputer-assisted instruction$vHandbooks, manuals, etc 606 $aEmployees$xTraining of$xData processing$vHandbooks, manuals, etc 606 $aInternet in education$vHandbooks, manuals, etc 615 0$aEmployees$xTraining of$xComputer-assisted instruction 615 0$aEmployees$xTraining of$xData processing 615 0$aInternet in education 676 $a658.3/124/0285 701 $aPiskurich$b George M$01652588 712 02$aAmerican Management Association. 801 0$bMiAaPQ 801 1$bMiAaPQ 801 2$bMiAaPQ 906 $aBOOK 912 $a9910960809703321 996 $aThe AMA handbook of e-learning$94354895 997 $aUNINA